[Event "CP-2013-P-00021"]
[Site "LSS email"]
[Date "2013.09.30"]
[Round "?"]
[White "Tittarelli, Adriano"]
[Black "Agustin, Santos Etxepare"]
[Result "0-1"]
[WhiteElo "1211"]
[BlackElo "1672"]
[PlyCount "34"]
[EventDate "2013.10.01"]
[EventType "tourn (corr)"]
[EventRounds "6"]
[EventCountry "GER"]
[SourceTitle "Corr 2022"]
[Source "ChessBase"]
[SourceDate "2021.10.24"]
[SourceVersion "1"]
[SourceVersionDate "2021.10.24"]
[SourceQuality "1"]

1. d4 Nf6 2. Bf4 d5 3. e3 c5 4. c3 Nc6 5. Nd2 e6 6. Ngf3 Bd6 7. Ne5 Qc7 8. Ndf3 cxd4 9. exd4 Ne4 10. Bb5 0-0 11. Bxc6 bxc6 12. Be3 Rb8 13. Qc2 c5 14. 0-0 cxd4 15. Bxd4 f6 16. Ng4 e5 17. Be3 Bxg4 0-1

[Event "SD-2013-0-00174"]
[Site "LSS email"]
[Date "2013.08.25"]
[Round "?"]
[White "Agustin, Santos Etxepare"]
[Black "Casser, Aaron"]
[Result "1-0"]
[WhiteElo "1654"]
[BlackElo "1501"]
[PlyCount "81"]
[EventDate "2013.07.27"]
[EventType "tourn (corr)"]
[EventRounds "6"]
[EventCountry "GER"]
[SourceTitle "Corr 2022"]
[Source "ChessBase"]
[SourceDate "2021.10.24"]
[SourceVersion "1"]
[SourceVersionDate "2021.10.24"]
[SourceQuality "1"]

1. d4 Nf6 2. c4 g6 3. Nc3 d5 4. Qb3 Bg7 5. cxd5 Nxd5 6. Qxd5 Bxd4 7. Qxd8+ Kxd8 8. e4 c5 9. Nf3 Nc6 10. Bh6 Bg4 11. Nxd4 Nxd4 12. Rc1 b6 13. b4 cxb4 14. Bg7 Rg8 15. Bxd4 bxc3 16. Rxc3 f6 17. Ra3 Kc7 18. Bc4 Rgd8 19. Bd5 Rac8 20. Rxa7+ Kb8 21. Rb7+ Ka8 22. Rd7+ Kb8 23. Rb7+ Ka8 24. Rc7+ Kb8 25. Rxc8+ Rxc8 26. Kd2 Bd7 27. Bxb6 e6 28. Bb3 Kb7 29. Be3 Bc6 30. Rb1 Ka8 31. f3 e5 32. Bb6 Bb7 33. a4 h5 34. a5 g5 35. a6 Bxa6 36. Bd5+ Bb7 37. Bxb7+ Kxb7 38. Bd8+ Kc6 39. Rc1+ Kd7 40. Rxc8 Kxc8 41. Bxf6 1-0

[Event "RC-2011-0-00068"]
[Site "LSS email"]
[Date "2011.04.09"]
[Round "?"]
[White "Agustin, Santos Etxepare"]
[Black "Pott, Brian"]
[Result "0-1"]
[WhiteElo "1777"]
[BlackElo "1796"]
[PlyCount "38"]
[EventDate "2011.03.05"]
[EventType "tourn (corr)"]
[EventRounds "6"]
[EventCountry "GER"]
[SourceTitle "Corr 2022"]
[Source "ChessBase"]
[SourceDate "2021.10.24"]
[SourceVersion "1"]
[SourceVersionDate "2021.10.24"]
[SourceQuality "1"]

1. c4 Nf6 2. d4 e6 3. Nf3 d5 4. Nc3 c6 5. e3 Nbd7 6. Be2 Bd6 7. c5 Bc7 8. b4 0-0 9. 0-0 e5 10. Bb2 Re8 11. Qc2 e4 12. Nd2 Nf8 13. b5 Ng4 14. h3 Nh6 15. Rfc1 Qh4 16. Bf1 Ng4 17. Nd1 Nh2 18. b6 axb6 19. cxb6 Bd6 0-1

[Event "RC-2011-0-00068"]
[Site "LSS email"]
[Date "2011.04.07"]
[Round "?"]
[White "Agustin, Santos Etxepare"]
[Black "Simik, Frantisek"]
[Result "1-0"]
[WhiteElo "1777"]
[BlackElo "1744"]
[PlyCount "31"]
[EventDate "2011.03.05"]
[EventType "tourn (corr)"]
[EventRounds "6"]
[EventCountry "GER"]
[SourceTitle "Corr 2022"]
[Source "ChessBase"]
[SourceDate "2021.10.24"]
[SourceVersion "1"]
[SourceVersionDate "2021.10.24"]
[SourceQuality "1"]

1. e4 c5 2. Nf3 Nc6 3. Bb5 e6 4. 0-0 Be7 5. d3 Nf6 6. e5 Nd5 7. c4 Nc7 8. Bxc6 dxc6 9. Nc3 h6 10. Ne4 b6 11. Qe2 Bb7 12. Rd1 b5 13. d4 cxd4 14. Nxd4 Qc8 15. Nd6+ Bxd6 16. exd6 1-0

[Event "LSS SB-2010-0-00103"]
[Site "LSS email"]
[Date "2010.08.05"]
[Round "?"]
[White "Agustin, Santos Etxepare"]
[Black "Avellan, Gerardo"]
[Result "0-1"]
[WhiteElo "1645"]
[BlackElo "1862"]
[PlyCount "82"]
[EventDate "2010.07.10"]
[EventType "tourn (corr)"]
[EventRounds "6"]
[EventCountry "GER"]
[SourceTitle "Corr 2022"]
[Source "ChessBase"]
[SourceDate "2021.10.24"]
[SourceVersion "1"]
[SourceVersionDate "2021.10.24"]
[SourceQuality "1"]

1. e4 c5 2. Nf3 Nc6 3. d4 cxd4 4. Nxd4 e5 5. Nb5 d6 6. Be3 Nf6 7. Bg5 Be6 8. Bxf6 gxf6 9. Nd2 a6 10. Nc3 f5 11. exf5 Bxf5 12. Nd5 Be6 13. Bc4 Bg7 14. c3 Rc8 15. Qe2 Ne7 16. Nxe7 Qxe7 17. Bxe6 fxe6 18. 0-0-0 d5 19. Kb1 0-0 20. f3 Qc5 21. Rc1 Qb6 22. Rhe1 a5 23. Qd3 Rc7 24. Ka1 Rfc8 25. a3 Qf2 26. Re2 Qc5 27. Nb3 Qa7 28. Rec2 a4 29. Nd2 Qf2 30. Nf1 Qh4 31. Kb1 Rc5 32. g4 Rc4 33. Ng3 Rf8 34. Rf1 Qf6 35. Nh5 Qg6 36. Qd1 Bh8 37. Ka2 Qf7 38. Rcf2 d4 39. cxd4 exd4 40. f4 Rfc8 41. Kb1 R8c6 0-1

[Event "LSS SB-2010-0-00103"]
[Site "LSS email"]
[Date "2010.08.05"]
[Round "?"]
[White "Agustin, Santos Etxepare"]
[Black "Herzog, Klaus"]
[Result "1-0"]
[WhiteElo "1645"]
[BlackElo "2002"]
[PlyCount "49"]
[EventDate "2010.07.10"]
[EventType "tourn (corr)"]
[EventRounds "6"]
[EventCountry "GER"]
[SourceTitle "Corr 2022"]
[Source "ChessBase"]
[SourceDate "2021.10.24"]
[SourceVersion "1"]
[SourceVersionDate "2021.10.24"]
[SourceQuality "1"]

1. d4 d5 2. c4 dxc4 3. Nf3 a6 4. e3 e6 5. Bxc4 c5 6. 0-0 Nf6 7. Bb3 b5 8. a4 b4 9. a5 Nc6 10. Nbd2 cxd4 11. Nc4 Be7 12. Ba4 Qc7 13. Nb6 Bb7 14. Nxa8 Bxa8 15. Nxd4 0-0 16. Qc2 Rc8 17. Bxc6 Bxc6 18. Nxc6 Qxc6 19. Qxc6 Rxc6 20. Rd1 g6 21. f3 Nd5 22. e4 Bc5+ 23. Kf1 Ne3+ 24. Bxe3 Bxe3 25. Ra4 1-0

[Event "LSS BI-2010-P-00021"]
[Site "LSS email"]
[Date "2010.04.19"]
[Round "?"]
[White "Herzog, Klaus"]
[Black "Agustin, Santos Etxepare"]
[Result "1/2-1/2"]
[WhiteElo "2024"]
[BlackElo "1671"]
[PlyCount "51"]
[EventDate "2010.04.22"]
[EventType "tourn (corr)"]
[EventRounds "10"]
[EventCountry "GER"]
[SourceTitle "Corr 2022"]
[Source "ChessBase"]
[SourceDate "2021.10.24"]
[SourceVersion "1"]
[SourceVersionDate "2021.10.24"]
[SourceQuality "1"]

1. d4 f5 2. g3 Nf6 3. Bg2 g6 4. Nh3 Bg7 5. Nf4 Nc6 6. h4 e5 7. dxe5 Nxe5 8. h5 c6 9. c4 Nxh5 10. Nxh5 gxh5 11. Na3 d6 12. Rxh5 Ng4 13. f3 Qa5+ 14. Qd2 Qe5 15. Qf4 Qxf4 16. gxf4 Nf6 17. Rh2 Be6 18. Be3 h5 19. 0-0-0 Ke7 20. b3 a5 21. Nc2 a4 22. Bh3 Ng4 23. Rg2 axb3 24. axb3 b5 25. Rgg1 bxc4 26. bxc4 1/2-1/2

[Event "LSS SC-2010-0-00054"]
[Site "LSS email"]
[Date "2010.03.14"]
[Round "?"]
[White "Endean, Andrew"]
[Black "Agustin, Santos Etxepare"]
[Result "0-1"]
[WhiteElo "1727"]
[BlackElo "1617"]
[PlyCount "74"]
[EventDate "2010.01.07"]
[EventType "tourn (corr)"]
[EventRounds "6"]
[EventCountry "GER"]
[SourceTitle "Corr 2022"]
[Source "ChessBase"]
[SourceDate "2021.10.24"]
[SourceVersion "1"]
[SourceVersionDate "2021.10.24"]
[SourceQuality "1"]

1. d4 d5 2. c4 c6 3. Nf3 Nf6 4. Nc3 e6 5. Bg5 h6 6. Bxf6 Qxf6 7. e3 Nd7 8. Bd3 dxc4 9. Bxc4 g6 10. 0-0 Bg7 11. Rc1 0-0 12. e4 e5 13. d5 Nb6 14. Bb3 Rd8 15. h3 Bd7 16. a3 Qf4 17. Re1 Bf8 18. Qe2 Rac8 19. Red1 cxd5 20. exd5 Re8 21. g3 Qf5 22. Ne4 Kg7 23. h4 Qg4 24. Re1 f5 25. Rxc8 Nxc8 26. Nc3 Bc5 27. Kg2 f4 28. Ng1 Qxe2 29. Rxe2 fxg3 30. fxg3 Nd6 31. Nh3 Bg4 32. Re1 Bd4 33. Nf2 Bf3+ 34. Kxf3 Rf8+ 35. Kg4 Rxf2 36. Re2 Rxe2 37. Nxe2 Bxb2 0-1

[Event "LSS RC-2010-0-00040"]
[Site "LSS email"]
[Date "2010.03.13"]
[Round "?"]
[White "Ottenweller, Wolfgang"]
[Black "Agustin, Santos Etxepare"]
[Result "0-1"]
[WhiteElo "1692"]
[BlackElo "1642"]
[PlyCount "62"]
[EventDate "2010.02.06"]
[EventType "tourn (corr)"]
[EventRounds "6"]
[EventCountry "GER"]
[SourceTitle "Corr 2022"]
[Source "ChessBase"]
[SourceDate "2021.10.24"]
[SourceVersion "1"]
[SourceVersionDate "2021.10.24"]
[SourceQuality "1"]

1. e4 e5 2. d4 exd4 3. c3 d5 4. exd5 Qxd5 5. Nf3 Nf6 6. Be2 dxc3 7. Nxc3 Qxd1+ 8. Bxd1 Bb4 9. 0-0 0-0 10. Bb3 Bf5 11. Nd4 Bg6 12. Bf4 c6 13. Rac1 Nbd7 14. a3 Ba5 15. Ba2 Nc5 16. Bc4 Bd3 17. Nce2 Bxc4 18. Rxc4 Nd3 19. b4 Bb6 20. Bg5 Nd5 21. Rc2 f6 22. Bh4 Rfd8 23. Rd2 Ne5 24. Bg3 Nc4 25. Rd3 Ne7 26. Rc3 Nxa3 27. Rxa3 Bxd4 28. Rb1 Bb6 29. Rf3 a5 30. bxa5 Bxa5 31. Nf4 b5 0-1

[Event "LSS CP-2009-P-00051"]
[Site "LSS email"]
[Date "2009.09.27"]
[Round "?"]
[White "Krabbenbos, Jan"]
[Black "Agustin, Santos Etxepare"]
[Result "1/2-1/2"]
[WhiteElo "1756"]
[BlackElo "1572"]
[PlyCount "74"]
[EventDate "2009.10.01"]
[EventType "tourn (corr)"]
[EventRounds "6"]
[EventCountry "GER"]
[SourceTitle "Corr 2022"]
[Source "ChessBase"]
[SourceDate "2021.10.24"]
[SourceVersion "1"]
[SourceVersionDate "2021.10.24"]
[SourceQuality "1"]

1. e4 c5 2. Nf3 e6 3. d4 cxd4 4. Nxd4 Nc6 5. Nc3 Qc7 6. Be3 a6 7. Bd3 Nf6 8. 0-0 Ne5 9. h3 Bc5 10. Qd2 d6 11. f4 Nxd3 12. cxd3 Bd7 13. Nb3 Bxe3+ 14. Qxe3 Bc6 15. Rac1 0-0 16. Rf2 h6 17. Rfc2 Rac8 18. Nd2 Rfd8 19. Ne2 Qb8 20. Nf3 Bd7 21. Nc3 e5 22. a3 Rc6 23. d4 exf4 24. Qxf4 Rcc8 25. Ne2 Rxc2 26. Rxc2 b5 27. b4 Qb6 28. Ng3 Re8 29. Kh2 Ra8 30. Rc1 Rd8 31. d5 Re8 32. Ne1 Re7 33. Nf3 Re8 34. Nh4 Qd8 35. Qxd6 Ng4+ 36. hxg4 Qxh4+ 37. Kg1 Qxg4 1/2-1/2

[Event "LSS SC-2009-0-00038"]
[Site "LSS email"]
[Date "2009.08.03"]
[Round "?"]
[White "Agustin, Santos Etxepare"]
[Black "Sherwood, Russell"]
[Result "1-0"]
[WhiteElo "1583"]
[BlackElo "1689"]
[PlyCount "73"]
[EventDate "2009.06.10"]
[EventType "tourn (corr)"]
[EventRounds "6"]
[EventCountry "GER"]
[SourceTitle "Corr 2022"]
[Source "ChessBase"]
[SourceDate "2021.10.24"]
[SourceVersion "1"]
[SourceVersionDate "2021.10.24"]
[SourceQuality "1"]

1. d4 f5 2. g3 Nf6 3. Bg2 g6 4. Nf3 Bg7 5. 0-0 0-0 6. c4 d6 7. Nc3 c6 8. b3 Qa5 9. Bd2 Qc7 10. d5 Na6 11. Rc1 Nc5 12. b4 Nce4 13. dxc6 bxc6 14. b5 Bb7 15. Nd4 Qd7 16. bxc6 Bxc6 17. Nxc6 Qxc6 18. Bg5 Rab8 19. Qd3 Qc5 20. Be3 Qe5 21. Bxa7 Rb2 22. Bd4 Qe6 23. Bxf6 Nxf6 24. Rb1 Rfb8 25. e3 Kf8 26. Nb5 Ne4 27. Rxb2 Bxb2 28. Nd4 Bxd4 29. exd4 Rb2 30. a4 Nf6 31. c5 Qa2 32. cxd6 exd6 33. Qa6 Qe6 34. a5 Ne4 35. Qc6 Ra2 36. Rb1 Kg7 37. Qa8 1-0

[Event "LSS RD-2009-0-00022"]
[Site "LSS email"]
[Date "2009.05.11"]
[Round "?"]
[White "Agustin, Santos Etxepare"]
[Black "Drobotov, Gennady Sergeevich"]
[Result "1-0"]
[WhiteElo "1395"]
[BlackElo "1468"]
[PlyCount "71"]
[EventDate "2009.03.12"]
[EventType "tourn (corr)"]
[EventRounds "6"]
[EventCountry "GER"]
[SourceTitle "Corr 2022"]
[Source "ChessBase"]
[SourceDate "2021.10.24"]
[SourceVersion "1"]
[SourceVersionDate "2021.10.24"]
[SourceQuality "1"]

1. Nf3 d5 2. d4 Bg4 3. c4 dxc4 4. Ne5 Bh5 5. Nc3 Nf6 6. g3 e6 7. Bg2 Nd5 8. Nxc4 Bb4 9. Bd2 Nc6 10. Nxd5 Bxd2+ 11. Qxd2 exd5 12. Ne3 Ne7 13. Qb4 c6 14. Qxb7 Rb8 15. Qxa7 Rxb2 16. 0-0 Rxe2 17. Rfb1 0-0 18. Qa3 Bg6 19. Rc1 Re8 20. Bf1 Rxe3 21. Qxe3 Nf5 22. Qc3 h6 23. a4 Qf6 24. Qxc6 Qxc6 25. Rxc6 Nxd4 26. Rc7 Nf3+ 27. Kg2 Ne1+ 28. Kh3 Re4 29. g4 f5 30. a5 Nf3 31. Kg3 Nd2 32. gxf5 Bxf5 33. Bh3 Bxh3 34. Kxh3 Nb3 35. Rg1 g5 36. Rb1 1-0

[Event "ZL-2009-0-00512"]
[Site "LSS email"]
[Date "2009.05.10"]
[Round "?"]
[White "Agustin, Santos Etxepare"]
[Black "Nouveau, Laurent"]
[Result "1-0"]
[WhiteElo "1395"]
[BlackElo "1378"]
[PlyCount "71"]
[EventDate "2009.05.05"]
[EventType "match (corr)"]
[EventRounds "2"]
[EventCountry "GER"]
[SourceTitle "Corr 2022"]
[Source "ChessBase"]
[SourceDate "2021.10.24"]
[SourceVersion "1"]
[SourceVersionDate "2021.10.24"]
[SourceQuality "1"]

1. e4 c6 2. d4 d5 3. Nc3 dxe4 4. Nxe4 Bf5 5. Ng3 Bg6 6. Nf3 Nf6 7. Bd3 e6 8. 0-0 Nbd7 9. Re1 Bxd3 10. Qxd3 Be7 11. Bg5 0-0 12. c4 Qc7 13. Ne2 Rfe8 14. Nc3 Rad8 15. h3 h6 16. Bh4 a6 17. Rad1 b5 18. b3 b4 19. Na4 c5 20. d5 Nb6 21. Nxb6 Qxb6 22. Qe3 exd5 23. Bxf6 Bxf6 24. Qxe8+ Rxe8 25. Rxe8+ Kh7 26. Rxd5 Qa5 27. Rd2 Qa3 28. g3 Bc3 29. Rdd8 Bf6 30. Rh8+ Kg6 31. Rd6 Kf5 32. Kg2 Qxa2 33. g4+ Kf4 34. Re8 Qxb3 35. Re4+ Kxe4 36. Nd2+ 1-0